[Event "Sydney op"]
[Site "Sydney"]
[Date "2025.04.27"]
[Round "8"]
[White "Chen, Meng Boon Marcus"]
[Black "Cannon, David"]
[Result "0-1"]
[WhiteElo "2188"]
[BlackElo "2291"]
[PlyCount "94"]
[EventDate "2025.04.23"]
[EventType "swiss"]
[EventRounds "9"]
[EventCountry "AUS"]
[SourceTitle "CB18_2025"]
[SourceDate "2025.04.30"]
[SourceVersion "1"]
[SourceVersionDate "2025.04.30"]
[SourceQuality "1"]

1. c4 g6 2. Nc3 Bg7 3. g3 e5 4. Bg2 d6 5. e3 Ne7 6. Nge2 0-0 7. 0-0 c6 8. d4 f5 9. b3 Be6 10. d5 cxd5 11. Nxd5 e4 12. Nxe7+ Qxe7 13. Ba3 Rd8 14. Nd4 Nc6 15. Qd2 Nxd4 16. exd4 Qf6 17. d5 Bf7 18. Rab1 b6 19. Bb2 Qe7 20. Rfe1 Bxb2 21. Qxb2 Qc7 22. Qd4 Re8 23. f3 exf3 24. Bxf3 Re7 25. Rxe7 Qxe7 26. a4 Re8 27. Kf2 g5 28. h3 Bg6 29. Rf1 h5 30. Qd2 Kh7 31. Re1 Qxe1+ 32. Qxe1 Rxe1 33. Kxe1 Kg7 34. Kd2 Kf6 35. Ke3 Ke5 36. h4 gxh4 37. gxh4 f4+ 38. Kd2 Kd4 39. Bd1 a5 40. Bf3 Be8 41. Bd1 Ke4 42. Ke2 Bd7 43. Bc2+ Ke5 44. Bg6 Bg4+ 45. Kd2 Kd4 46. Bf7 f3 47. Ke1 Ke5 0-1

[Event "Sydney op"]
[Site "Sydney"]
[Date "2025.04.24"]
[Round "4"]
[White "Chen, Meng Boon Marcus"]
[Black "Antonio, Rogelio Jr"]
[Result "1/2-1/2"]
[WhiteElo "2188"]
[BlackElo "2363"]
[PlyCount "119"]
[EventDate "2025.04.23"]
[EventType "swiss"]
[EventRounds "9"]
[EventCountry "AUS"]
[SourceTitle "CB18_2025"]
[SourceDate "2025.04.30"]
[SourceVersion "1"]
[SourceVersionDate "2025.04.30"]
[SourceQuality "1"]

1. c4 c5 2. Nc3 Nc6 3. g3 g6 4. Bg2 Bg7 5. b3 a6 6. Bb2 d6 7. e3 Bf5 8. d3 Qa5 9. Qd2 Ne5 10. e4 Bd7 11. f4 Nc6 12. Nf3 h5 13. Nd5 Qxd2+ 14. Nxd2 Bxb2 15. Rb1 Ra7 16. Rxb2 b5 17. Nf3 Bg4 18. Kf2 e6 19. Nc3 b4 20. Ne2 Nge7 21. Ke3 e5 22. Ra1 0-0 23. h3 Bd7 24. a4 Kg7 25. Rg1 Re8 26. Rbb1 Ng8 27. Kd2 Bc8 28. Rbf1 Rae7 29. Nh4 f6 30. f5 g5 31. Nf3 Rf8 32. g4 h4 33. Kc2 Nh6 34. Rf2 Rc7 35. Kb2 Nf7 36. Rc1 Nfd8 37. Rff1 Nb7 38. Ra1 Bd7 39. Rfb1 Rb8 40. Kc2 Nd4+ 41. Nexd4 cxd4 42. Kb2 Nc5 43. Rd1 Be8 44. Ne1 Bf7 45. Nc2 Rbc8 46. Rac1 a5 47. Ne1 Rb8 48. Nc2 Be8 49. Ra1 Rcb7 50. Ne1 Bc6 51. Bf3 Rc7 52. Bg2 Rbc8 53. Bf3 Nd7 54. Rdc1 Bb7 55. Bg2 Nc5 56. Rd1 Bc6 57. Rdc1 Be8 58. Bf3 Rb8 59. Bg2 Rcb7 60. Bf3 1/2-1/2

[Event "Melbourne op"]
[Site "Melbourne"]
[Date "2025.04.10"]
[Round "5"]
[White "Soo, Kai Jie"]
[Black "Chen, Meng Boon Marcus"]
[Result "0-1"]
[WhiteElo "2206"]
[BlackElo "2188"]
[PlyCount "82"]
[EventDate "2025.04.07"]
[EventType "swiss"]
[EventRounds "9"]
[EventCountry "AUS"]
[SourceTitle "CB16_2025"]
[SourceDate "2025.04.16"]
[SourceVersion "1"]
[SourceVersionDate "2025.04.16"]
[SourceQuality "1"]

1. d4 e6 2. c4 b6 3. Nf3 Bb7 4. e3 Nf6 5. Bd3 Be7 6. 0-0 0-0 7. Nc3 d5 8. b3 Nbd7 9. Bb2 c5 10. Rc1 Rc8 11. Qe2 Qc7 12. cxd5 exd5 13. dxc5 bxc5 14. Ba6 Nb6 15. Rfd1 Rfd8 16. Bxb7 Qxb7 17. Qb5 a6 18. Qd3 Ne4 19. Nd2 c4 20. Qb1 Nc5 21. bxc4 dxc4 22. Ba3 Nd3 23. Bxe7 Qxe7 24. Rc2 Nb4 25. Rb2 N6d5 26. Nxd5 Nxd5 27. Rc2 c3 28. Nf1 Rb8 29. Qc1 Nb4 30. Rxc3 Nxa2 31. Qa3 Nxc3 32. Qxe7 Ne2+ 33. Kh1 Rxd1 34. g3 Rxf1+ 35. Kg2 Rfb1 36. Qa3 Ra8 37. Qa2 Nc3 38. Qc4 a5 39. Qxc3 a4 40. Qa3 Rb3 41. Qa2 a3 0-1

[Event "Melbourne op"]
[Site "Melbourne"]
[Date "2024.04.06"]
[Round "8"]
[White "Shoker, Samy"]
[Black "Chen, Meng Boon Marcus"]
[Result "1/2-1/2"]
[WhiteElo "2473"]
[BlackElo "2099"]
[PlyCount "83"]
[EventDate "2024.04.03"]
[EventType "swiss"]
[EventRounds "9"]
[EventCountry "AUS"]
[SourceTitle "CBM 219 Extra"]
[Source "ChessBase"]
[SourceDate "2024.05.31"]
[SourceVersion "1"]
[SourceVersionDate "2024.05.31"]
[SourceQuality "1"]

1. Nf3 Nf6 2. g3 g6 3. Bg2 Bg7 4. c4 c5 5. Nc3 Nc6 6. d3 0-0 7. Bd2 d5 8. cxd5 Nxd5 9. h4 h5 10. Ng5 Nxc3 11. Bxc3 Nd4 12. e3 Ne6 13. Nf3 Qd6 14. Bxg7 Kxg7 15. Qc2 Rd8 16. Rd1 Bd7 17. Qc3+ f6 18. d4 Ba4 19. b3 Bd7 20. 0-0 Rac8 21. d5 Nc7 22. Ng5 Nb5 23. Qa1 Qe5 24. Qxe5 fxe5 25. Rc1 Nd6 26. e4 b5 27. f4 exf4 28. Rxf4 Rf8 29. Rxf8 Kxf8 30. e5 Nf5 31. Bh3 c4 32. e6 Be8 33. Bxf5 gxf5 34. bxc4 bxc4 35. Kf2 c3 36. Ke3 c2 37. Kd3 f4 38. gxf4 Bg6+ 39. Kd4 Rb8 40. Kc3 Rb1 41. Kd2 Rb5 42. Nf3 1/2-1/2

[Event "Melbourne op"]
[Site "Melbourne"]
[Date "2024.04.03"]
[Round "1"]
[White "Chen, Meng Boon Marcus"]
[Black "Das, Arghyadip"]
[Result "1/2-1/2"]
[WhiteElo "2099"]
[BlackElo "2405"]
[PlyCount "60"]
[EventDate "2024.04.03"]
[EventType "swiss"]
[EventRounds "9"]
[EventCountry "AUS"]
[SourceTitle "CBM 219 Extra"]
[Source "ChessBase"]
[SourceDate "2024.05.31"]
[SourceVersion "1"]
[SourceVersionDate "2024.05.31"]
[SourceQuality "1"]

1. c4 e5 2. Nc3 Bb4 3. Qb3 Nc6 4. g3 a5 5. Bg2 Nge7 6. e3 Bxc3 7. bxc3 d6 8. a4 0-0 9. Ne2 Bg4 10. f3 Bf5 11. e4 Bd7 12. d4 exd4 13. cxd4 f5 14. Bb2 fxe4 15. fxe4 Nb4 16. Nf4 Ng6 17. 0-0 Qg5 18. Nd5 Nxd5 19. cxd5 Qd2 20. Qc3 Rxf1+ 21. Bxf1 Qxc3 22. Bxc3 Ne7 23. Bc4 Nc8 24. e5 Nb6 25. Bb3 Bg4 26. Re1 Bf3 27. exd6 cxd6 28. Re6 Bxd5 29. Rxd6 Bxb3 30. Rxb6 Bd5 1/2-1/2

[Event "Basel Christmas op"]
[Site "Basel"]
[Date "2023.12.30"]
[Round "8"]
[White "Chen, Meng Boon Marcus"]
[Black "Krivenko, Dion"]
[Result "1/2-1/2"]
[WhiteElo "2073"]
[BlackElo "2220"]
[PlyCount "79"]
[EventDate "2023.12.26"]
[EventType "swiss"]
[EventRounds "9"]
[EventCountry "SUI"]
[SourceTitle "CBM 218 Extra"]
[Source "ChessBase"]
[SourceDate "2024.03.31"]
[SourceVersion "1"]
[SourceVersionDate "2024.03.31"]
[SourceQuality "1"]

1. c4 e5 2. Nc3 Nc6 3. g3 g6 4. Bg2 Bg7 5. e4 Nge7 6. Nge2 0-0 7. 0-0 d6 8. d3 Nd4 9. Nxd4 exd4 10. Nd5 Nxd5 11. cxd5 c5 12. Bf4 b5 13. Qd2 a5 14. Bh6 Qb6 15. Bxg7 Kxg7 16. f4 f6 17. e5 Bf5 18. exf6+ Rxf6 19. b3 Rff8 20. Rae1 Rae8 21. h3 h5 22. Qd1 Re3 23. Rxe3 dxe3 24. Re1 Re8 25. g4 hxg4 26. hxg4 Bd7 27. Qa1+ Kf7 28. g5 Qd8 29. Be4 c4 30. Rxe3 cxd3 31. Qd4 d2 32. Qxd2 Qb6 33. Qc3 Bf5 34. Kf1 Kg8 35. Qd3 b4 36. Ke1 Bd7 37. Kf2 Bf5 38. Kf1 Bd7 39. Kg2 Bf5 40. Kf1 1/2-1/2

[Event "Johor op-A 7th"]
[Site "Johor"]
[Date "2022.12.28"]
[Round "4"]
[White "Yeoh, Li Tian"]
[Black "Chen, Meng Boon Marcus"]
[Result "1-0"]
[WhiteElo "2530"]
[BlackElo "2036"]
[PlyCount "53"]
[EventDate "2022.12.26"]
[EventType "swiss"]
[EventRounds "9"]
[EventCountry "MAS"]
[SourceTitle "CBM 212 Extra"]
[Source "ChessBase"]
[SourceDate "2023.03.31"]
[SourceVersion "1"]
[SourceVersionDate "2023.03.31"]
[SourceQuality "1"]

1. f4 d5 2. Nf3 Nf6 3. g3 e6 4. Bg2 Be7 5. d3 b6 6. 0-0 Bb7 7. c3 Nbd7 8. a4 a6 9. Na3 0-0 10. Nc2 c5 11. Nd2 b5 12. e4 e5 13. Ne3 c4 14. fxe5 Nxe5 15. d4 Nd3 16. e5 Ne8 17. Nf5 f6 18. Nf3 g6 19. Nxe7+ Qxe7 20. Bh6 Rf7 21. Qd2 fxe5 22. Nxe5 Rxf1+ 23. Rxf1 Nd6 24. Bg5 Qc7 25. Ng4 Rf8 26. Bf6 h5 27. Qg5 1-0

[Event "SIN-ch 73rd"]
[Site "Singapore"]
[Date "2022.02.06"]
[Round "9"]
[White "Tin, Jingyao"]
[Black "Chen, Meng Boon Marcus"]
[Result "1-0"]
[WhiteElo "2497"]
[BlackElo "2019"]
[PlyCount "47"]
[EventDate "2022.01.21"]
[EventType "swiss"]
[EventRounds "9"]
[EventCountry "SIN"]
[SourceTitle "EXT 2023"]
[Source "ChessBase"]
[SourceDate "2022.10.05"]
[SourceVersion "1"]
[SourceVersionDate "2022.10.05"]
[SourceQuality "1"]

1. d4 d5 2. Bf4 Nf6 3. e3 e6 4. Bd3 Bd6 5. Nf3 Bxf4 6. exf4 Qd6 7. Qd2 Ne4 8. Bxe4 dxe4 9. Ne5 0-0 10. Nc3 f5 11. 0-0-0 Nc6 12. f3 exf3 13. gxf3 Nxe5 14. fxe5 Qe7 15. Rhg1 c6 16. Rg5 Bd7 17. Rdg1 Be8 18. Ne2 Rf7 19. Nf4 Kh8 20. h4 Bd7 21. h5 Kg8 22. Qg2 h6 23. Rg6 Kh7 24. Rxh6+ 1-0

[Event "Eastern Asia-ch U18"]
[Site "Tornelo INT"]
[Date "2021.10.30"]
[Round "6"]
[White "Chen, Meng Boon Marcus"]
[Black "Ayush, Jha"]
[Result "0-1"]
[WhiteElo "1767"]
[BlackElo "1586"]
[PlyCount "122"]
[EventDate "2021.10.29"]
[EventType "swiss"]
[EventRounds "9"]
[EventCountry "NET"]
[SourceTitle "CBM 205 Extra"]
[Source "ChessBase"]
[SourceDate "2022.01.31"]
[SourceVersion "1"]
[SourceVersionDate "2022.01.31"]
[SourceQuality "1"]

1. c4 Nf6 2. Nc3 g6 3. e4 d6 4. d4 Bg7 5. Be2 0-0 6. Bg5 h6 7. Bf4 Nbd7 8. Qd2 Kh7 9. 0-0-0 c5 10. d5 a6 11. h4 Qa5 12. h5 g5 13. Bxg5 hxg5 14. h6 Bh8 15. Nh3 Rg8 16. Nxg5+ Rxg5 17. Qxg5 Ne5 18. f4 Ng6 19. f5 Ne5 20. g4 b5 21. Qf4 b4 22. Nb1 Qxa2 23. g5 Nxc4 24. g6+ fxg6 25. fxg6+ Kxg6 26. Rdg1+ Kf7 27. Bh5+ Kf8 28. Rh2 Ne5 29. Qg3 Qc4+ 30. Rc2 Nd3+ 31. Kd1 Qxe4 32. Nd2 Qxd5 33. Bf3 Qd4 34. Bxa8 Bg4+ 35. Bf3 Ne4 36. Qxg4 Nef2+ 37. Ke2 Nxg4 38. Rxg4 Nf4+ 39. Kd1 Qe3 40. Rc4 Nd3 41. Bd5 Nf2+ 42. Kc1 Nxg4 43. Rxg4 e6 44. h7 exd5 45. Rg8+ Kf7 46. Rxh8 Kg7 47. Rd8 Qg1+ 48. Kc2 Qg6+ 49. Kc1 Kxh7 50. Nf3 Qh6+ 51. Kc2 b3+ 52. Kd3 c4+ 53. Ke2 Qf6 54. Rd7+ Kg8 55. Ra7 Qxb2+ 56. Ke3 Qc3+ 57. Kf4 b2 58. Ra8+ Kg7 59. Ra7+ Kf8 60. Ra8+ Ke7 61. Ra7+ Kd8 0-1

[Event "Eastern Asia-ch U18"]
[Site "Tornelo INT"]
[Date "2021.10.29"]
[Round "1"]
[White "Chen, Meng Boon Marcus"]
[Black "Indrajith, JAKNT"]
[Result "1-0"]
[WhiteElo "1767"]
[BlackElo "1145"]
[PlyCount "103"]
[EventDate "2021.10.29"]
[EventType "swiss"]
[EventRounds "9"]
[EventCountry "NET"]
[SourceTitle "CBM 205 Extra"]
[Source "ChessBase"]
[SourceDate "2022.01.31"]
[SourceVersion "1"]
[SourceVersionDate "2022.01.31"]
[SourceQuality "1"]

1. c4 e6 2. Nc3 d5 3. cxd5 exd5 4. d4 Nf6 5. Bf4 c6 6. e3 Bd6 7. Bg3 0-0 8. Bd3 Be6 9. Nf3 Bc7 10. Ng5 Nbd7 11. f4 Bg4 12. Qc2 h6 13. Nf3 Qe7 14. Ne5 Bh5 15. Bh4 Qe8 16. 0-0 Ng4 17. Rae1 f6 18. Bh7+ Kh8 19. Bg6 Bxg6 20. Nxg6+ Kg8 21. Nxf8 Kxf8 22. h3 Nxe3 23. Qd3 Qh5 24. Qxe3 Qxh4 25. Qe7+ Kg8 26. Qxd7 Bxf4 27. Qg4 Qxg4 28. hxg4 Bd6 29. Re6 Rd8 30. Rfe1 Kf7 31. R6e2 Kg6 32. Kf2 Kg5 33. Kf3 Rd7 34. Re6 a6 35. Na4 Bb4 36. R1e2 Bd6 37. Nb6 Rd8 38. Re8 Rxe8 39. Rxe8 Bc7 40. Nc8 Kg6 41. Re7 Bh2 42. Rxb7 Bg1 43. Ne7+ Kh7 44. Nf5 Kh8 45. Nxg7 Bxd4 46. Kf4 c5 47. Kf5 Kg8 48. Ne6 Be5 49. Kg6 d4 50. Rd7 Bc7 51. Rxc7 d3 52. Rc8# 1-0

[Event "Johor op 6th"]
[Site "Johor"]
[Date "2019.12.04"]
[Round "5"]
[White "Chen, Meng Boon Marcus"]
[Black "Himanshu, Sharma"]
[Result "0-1"]
[WhiteElo "1937"]
[BlackElo "2392"]
[PlyCount "68"]
[EventDate "2019.12.02"]
[EventType "swiss"]
[EventRounds "9"]
[EventCountry "MAS"]
[SourceTitle "CBM 193 Extra"]
[Source "ChessBase"]
[SourceDate "2020.01.31"]
[SourceVersion "1"]
[SourceVersionDate "2020.01.31"]
[SourceQuality "1"]

1. c4 e5 2. Nc3 Nf6 3. g3 d5 4. cxd5 Nxd5 5. Bg2 Nb6 6. Nf3 Nc6 7. 0-0 Be7 8. a3 0-0 9. b4 Re8 10. b5 Nd4 11. e3 Nxf3+ 12. Bxf3 a6 13. d3 axb5 14. Nxb5 Na4 15. Bd2 c6 16. Nc3 Nc5 17. Ne4 Bh3 18. Nxc5 Bxc5 19. Re1 Qxd3 20. Bb4 Qxd1 21. Rexd1 Bf8 22. g4 e4 23. Be2 h5 24. gxh5 Re5 25. Bxf8 Kxf8 26. Kh1 Rf5 27. Kg1 Rg5+ 28. Kh1 Bg2+ 29. Kg1 Bf3+ 30. Kf1 Rxh5 31. Bxf3 exf3 32. Rd7 Rxh2 33. Kg1 Rh5 34. Rxb7 Raa5 0-1

[Event "Waitakere Trusts op 40th"]
[Site "Waitakere"]
[Date "2017.06.04"]
[Round "3"]
[White "Shen, Terry"]
[Black "Chen, Meng Boon Marcus"]
[Result "1/2-1/2"]
[WhiteElo "1660"]
[BlackElo "1863"]
[PlyCount "61"]
[EventDate "2017.06.03"]
[EventType "swiss"]
[EventRounds "6"]
[EventCountry "NZL"]
[SourceTitle "EXT 2018"]
[Source "ChessBase"]
[SourceDate "2017.10.13"]
[SourceVersion "1"]
[SourceVersionDate "2017.10.13"]
[SourceQuality "1"]

1. d4 d5 2. Bf4 Nf6 3. e3 c5 4. c3 Nc6 5. Bd3 Qb6 6. b3 Be6 7. Nf3 Rc8 8. 0-0 g6 9. Nbd2 Bg7 10. Ne5 0-0 11. Ndf3 Nh5 12. Nxc6 Qxc6 13. Be5 f6 14. Bg3 Nxg3 15. hxg3 Bg4 16. Be2 Be6 17. Rc1 Rfd8 18. Qd2 Bf7 19. Rfd1 Qb6 20. Rc2 Rc7 21. Rdc1 Rdc8 22. Kh2 Kh8 23. Kg1 Kg8 24. Kh2 Kh8 25. Kg1 Kg8 26. Kh2 Kh8 27. Kg1 Kg8 28. Kh2 Kh8 29. Kg1 Kg8 30. Kh2 Kh8 31. Kg1 1/2-1/2

[Event "Waitakere Trusts op 40th"]
[Site "Waitakere"]
[Date "2017.06.03"]
[Round "2"]
[White "Chen, Meng Boon Marcus"]
[Black "McLaren, Leonard"]
[Result "0-1"]
[WhiteElo "1863"]
[BlackElo "2234"]
[PlyCount "96"]
[EventDate "2017.06.03"]
[EventType "swiss"]
[EventRounds "6"]
[EventCountry "NZL"]
[SourceTitle "EXT 2018"]
[Source "ChessBase"]
[SourceDate "2017.10.13"]
[SourceVersion "1"]
[SourceVersionDate "2017.10.13"]
[SourceQuality "1"]

1. c4 e5 2. Nc3 Bb4 3. d3 Bxc3+ 4. bxc3 d6 5. Nf3 f5 6. c5 e4 7. dxe4 fxe4 8. Qa4+ Kf8 9. Qxe4 Nf6 10. Qc4 d5 11. Qd3 Nc6 12. Bg5 h6 13. Bxf6 Qxf6 14. Rd1 Bf5 15. Qd2 Be4 16. Nd4 Ne5 17. e3 b6 18. Nb3 Kf7 19. h3 Rhe8 20. a4 Rad8 21. Qb2 Nc4 22. Qc1 Qg6 23. Rg1 Bf3 24. Be2 Bxe2 25. Kxe2 Qh5+ 26. Kf1 Kg8 27. Rd4 Rf8 28. Ke1 Rde8 29. Qd1 Qf5 30. Rd2 Nxe3 31. fxe3 Rxe3+ 32. Re2 Qf2+ 33. Kd2 Rxe2+ 34. Qxe2 Qxg1 35. Qe6+ Kh8 36. Qxd5 Rf2+ 37. Kd3 Qf1+ 38. Kd4 Qd1+ 39. Kc4 Qxd5+ 40. Kxd5 Rxg2 41. c6 Rg3 42. Kc4 Rxh3 43. Nd4 Re3 44. Nb5 Re7 45. Kd5 h5 46. Nd4 h4 47. Nf5 h3 48. Nxe7 h2 0-1

[Event "London Classic op 7th"]
[Site "London"]
[Date "2015.12.08"]
[Round "6"]
[White "Chen, Meng Boon Marcus"]
[Black "Fernandez Aransay, Fernando"]
[Result "1-0"]
[WhiteElo "1715"]
[BlackElo "1826"]
[PlyCount "89"]
[EventDate "2015.12.04"]
[EventType "swiss"]
[EventRounds "9"]
[EventCountry "ENG"]
[SourceTitle "CBM 169 Extra"]
[Source "ChessBase"]
[SourceDate "2015.12.18"]
[SourceVersion "1"]
[SourceVersionDate "2015.12.18"]
[SourceQuality "1"]

1. c4 e6 2. Nc3 d5 3. cxd5 exd5 4. d4 Nf6 5. Bg5 Be7 6. e3 0-0 7. Bd3 b6 8. Nge2 Bb7 9. 0-0 Nbd7 10. Ng3 g6 11. f4 c5 12. Qf3 Rc8 13. f5 Kg7 14. Qf4 Re8 15. Bb5 Bc6 16. Rae1 Bxb5 17. Nxb5 a6 18. Nc3 b5 19. h4 b4 20. Nd1 Qc7 21. Qf3 Qb6 22. h5 cxd4 23. hxg6 hxg6 24. fxg6 fxg6 25. Qf4 Qd6 26. exd4 Qxf4 27. Bxf4 Rc4 28. Ne3 Rxd4 29. Nef5+ gxf5 30. Nxf5+ Kf7 31. Nxd4 Bc5 32. Rxe8 Kxe8 33. Rd1 Nf8 34. Kf1 Ng6 35. g3 Ng4 36. Ke2 Nf6 37. Ne6 Bb6 38. Be3 Bxe3 39. Kxe3 Ne5 40. Nc7+ Kd7 41. Nxd5 Nfg4+ 42. Kf4 Ke6 43. Nxb4 a5 44. Nd3 Nc4 45. Re1+ 1-0

[Event "London Classic op 7th"]
[Site "London"]
[Date "2015.12.06"]
[Round "4"]
[White "Chen, Meng Boon Marcus"]
[Black "Wright, Jonathan1"]
[Result "0-1"]
[WhiteElo "1715"]
[BlackElo "1923"]
[PlyCount "88"]
[EventDate "2015.12.04"]
[EventType "swiss"]
[EventRounds "9"]
[EventCountry "ENG"]
[SourceTitle "CBM 169 Extra"]
[Source "ChessBase"]
[SourceDate "2015.12.18"]
[SourceVersion "1"]
[SourceVersionDate "2015.12.18"]
[SourceQuality "1"]

1. c4 Nf6 2. Nc3 g6 3. e4 d6 4. g3 c5 5. Bg2 Nc6 6. Nge2 Be6 7. d3 Bg7 8. Nd5 0-0 9. 0-0 Rb8 10. a4 Bxd5 11. cxd5 Nb4 12. Nc3 b6 13. f4 Nd7 14. Be3 a6 15. Qd2 Nf6 16. Bh3 Qc7 17. Rac1 b5 18. f5 Nd7 19. Nxb5 axb5 20. Qxb4 Ne5 21. Qd2 bxa4 22. d4 Nd7 23. e5 Qb7 24. f6 exf6 25. Bxd7 cxd4 26. Bxd4 fxe5 27. Bc6 Qb3 28. Bc3 f5 29. Qc2 Qb6+ 30. Qf2 Bh6 31. Qxb6 Rxb6 32. Ra1 Be3+ 33. Kg2 h5 34. h4 Rfb8 35. Rxa4 Rxb2+ 36. Bxb2 Rxb2+ 37. Kf3 Bc5 38. Raa1 e4+ 39. Kf4 Kg7 40. Rab1 Rd2 41. Rb7+ Kh6 42. Rb3 Bd4 43. Rbb1 Re2 44. Rb3 Be5# 0-1